| 000 -LEADER | |
|---|---|
| fixed length control field | 00480nam a22001697a 4500 |
| 005 - DATE AND TIME OF LATEST TRANSACTION | |
| control field | 20230117103055.0 |
| 008 - FIXED-LENGTH DATA ELEMENTS--GENERAL INFORMATION | |
| fixed length control field | 220215b ||||| |||| 00| 0 eng d |
| 020 ## - INTERNATIONAL STANDARD BOOK NUMBER | |
| ISBN | 9789387593763 |
| 041 ## - LANGUAGE CODE | |
| Language code of text/sound track or separate title | eng |
| 082 ## - DEWEY DECIMAL CLASSIFICATION NUMBER | |
| Classification number | 547 |
| Item number | USM-C |
| 100 ## - MAIN ENTRY--AUTHOR NAME | |
| Personal name | USMAN, PROF MD RAGEEB AND PATIL, DR SUNILA AND CHAUDHARI |
| 245 ## - TITLE STATEMENT | |
| Title | COMPREHENSIVE MCQ IN ORGANIC CHEMISTRY |
| 260 ## - PUBLICATION, DISTRIBUTION, ETC. (IMPRINT) | |
| Place of publication | HYDERABAD |
| Name of publisher | PHARMA MED PRESS |
| Year of publication | 2018 |
| 300 ## - PHYSICAL DESCRIPTION | |
| Number of Pages | 160; P. |
| 650 ## - SUBJECT ADDED ENTRY--TOPICAL TERM | |
| Topical Term | PHARMACY |
| General subdivision | B.PHARMA |
| 942 ## - ADDED ENTRY ELEMENTS (KOHA) | |
| Koha item type | Books |
| Lost status | Damaged status | Collection code | Home library | Current library | Shelving location | Date acquired | Source of acquisition | Cost, normal purchase price | Full call number | Accession Number | Koha item type |
|---|---|---|---|---|---|---|---|---|---|---|---|
| Reference | JRU Library | JRU Library | SHELF-5-A | 15/02/2022 | PURCHASE | 175.00 | 547 | 26410 | Books | ||
| PHARMACY | JRU Library | JRU Library | SHELF-17-D | 15/02/2022 | PURCHASE | 175.00 | 547 | 26411 | Books | ||
| PHARMACY | JRU Library | JRU Library | SHELF-17-D | 15/02/2022 | PURCHASE | 175.00 | 547 | 26412 | Books | ||
| PHARMACY | JRU Library | JRU Library | SHELF-17-D | 15/02/2022 | PURCHASE | 175.00 | 547 | 26413 | Books | ||
| PHARMACY | JRU Library | JRU Library | SHELF-19-E | 15/02/2022 | PURCHASE | 175.00 | 547 | 26414 | Books | ||
| PHARMACY | JRU Library | JRU Library | SHELF-17-D | 15/02/2022 | PURCHASE | 175.00 | 547 | 26415 | Books | ||
| PHARMACY | JRU Library | JRU Library | SHELF-17-D | 15/02/2022 | PURCHASE | 175.00 | 547 | 26416 | Books | ||
| PHARMACY | JRU Library | JRU Library | SHELF-17-D | 15/02/2022 | PURCHASE | 175.00 | 547 | 26417 | Books |